| 000 | 00613nam a2200193Ia 4500 | ||
|---|---|---|---|
| 005 | 20250508165655.0 | ||
| 008 | 008 250505s9999 xx 000 0 eng d | ||
| 037 | _aTextual | ||
| 040 |
_aFEDL _beng _cFEDL |
||
| 041 |
_aeng _2eng |
||
| 084 |
_a530.092, BRE _qFEDL |
||
| 100 |
_aBrennan Richard P. _9781579 |
||
| 245 | 0 | _aHeisenberg probably slept here : the lives ,times, and ideas of the great physicists of the 20th century | |
| 260 |
_aNew York, USA _bJohn Wiley and Sons _c1997 |
||
| 300 | _axi,274p | ||
| 365 |
_aUSD _b22.95 |
||
| 942 |
_cTEXL _h530.092, BRE |
||
| 999 |
_c1396674 _d1396674 |
||